| 000 | 00982cam a22003015i 4500 | ||
|---|---|---|---|
| 001 | 2145919 | ||
| 003 | EG-ScBUE | ||
| 005 | 20250622084717.0 | ||
| 008 | 980604t1998 coua f b 001 0 eng d | ||
| 020 | _a0738200565 | ||
| 020 | _a9780738200569 | ||
| 040 |
_aEG-ScBUE _beng _erda _cEG-ScBUE _dEG-ScBUE |
||
| 082 | 0 | 4 |
_222 _a537.6 _bCLA |
| 245 | 0 | 0 |
_aClassical electrodynamics / _cJulian Schwinger [and three others] |
| 264 | 1 |
_aColorado : _bWestview Press a Member of the Perseus Books Group, _c[1998] |
|
| 264 | 4 | _cc1998 | |
| 300 |
_axxii, 569 pages : _billustrations ; _c24 cm. |
||
| 336 |
_2rdacontent _atext _btxt |
||
| 337 |
_aunmediated _2rdamedia _bn |
||
| 338 |
_avolume _bnc _2rdacarrier |
||
| 490 | 0 | _aAdvanced book program | |
| 504 | _aIncludes bibliographical references and index. | ||
| 650 | 7 |
_aElectrodynamics. _2BUEsh _99061 |
|
| 653 |
_bENGGEN _cFebruary2017 |
||
| 655 | _vReading book | ||
| 700 | 1 |
_aSchwinger, Julian, _d1918-1994, _eauthor. |
|
| 942 |
_2ddc _cBB |
||
| 999 |
_c24202 _d24174 |
||